[Event "Mosquera op"]
[Site "Mosquera"]
[Date "2014.11.03"]
[Round "9"]
[White "Perez Garzon, Rafael"]
[Black "Gomez Guardo, Cristian"]
[Result "1-0"]
[WhiteElo "1946"]
[BlackElo "1862"]
[PlyCount "39"]
[EventDate "2014.10.30"]
[EventType "swiss"]
[EventRounds "9"]
[EventCountry "COL"]
[SourceTitle "EXT 2015"]
[Source "ChessBase"]
[SourceDate "2014.11.20"]
[SourceVersion "1"]
[SourceVersionDate "2014.11.20"]
[SourceQuality "1"]

1. e4 c5 2. Nf3 d6 3. d4 cxd4 4. Nxd4 Nf6 5. Nc3 g6 6. Be2 Bg7 7. Be3 Bd7 8. Qd2 Nc6 9. f3 Ne5 10. g4 Qc8 11. h3 Nc4 12. Bxc4 Qxc4 13. 0-0-0 a6 14. f4 b5 15. Nb3 Nxe4 16. Nxe4 Qxe4 17. Rde1 Be6 18. Bd4 Qf3 19. Bxg7 Rg8 20. Bc3 1-0

[Event "Mosquera op"]
[Site "Mosquera"]
[Date "2014.11.03"]
[Round "8"]
[White "Rubio Melo, Hugo Arturo"]
[Black "Perez Garzon, Rafael"]
[Result "0-1"]
[WhiteElo "1794"]
[BlackElo "1946"]
[PlyCount "84"]
[EventDate "2014.10.30"]
[EventType "swiss"]
[EventRounds "9"]
[EventCountry "COL"]
[SourceTitle "EXT 2015"]
[Source "ChessBase"]
[SourceDate "2014.11.20"]
[SourceVersion "1"]
[SourceVersionDate "2014.11.20"]
[SourceQuality "1"]

1. e4 e6 2. d4 b6 3. c4 Bb7 4. Bd3 Nf6 5. Nc3 Bb4 6. Qe2 h6 7. e5 Nh7 8. Bxh7 Rxh7 9. Nf3 Nc6 10. 0-0 Bxc3 11. bxc3 g5 12. c5 Rg7 13. Ba3 Na5 14. Rab1 h5 15. Nd2 Bd5 16. Ne4 Bxe4 17. Qxe4 Rb8 18. c4 Qc8 19. d5 Qa6 20. cxb6 axb6 21. Qf3 c5 22. dxc6 Nxc6 23. Bd6 Rc8 24. Qxh5 Rg8 25. Qh7 Ne7 26. Qc2 Rxc4 27. Rxb6 Rxc2 28. Rxa6 Nc8 29. Ra8 g4 30. Rb1 Rc6 31. a4 f5 32. g3 Kf7 33. Rbb8 Rc2 34. a5 f4 35. Kf1 f3 36. Ke1 Rh8 37. Rxc8 Re2+ 38. Kd1 Rxh2 39. Rh8 Rhxf2 40. Rh1 Ra2 41. Rc8 Kg6 42. Rc1 Rxa5 0-1